Statistics for C-USA 2023 Football Teams

Click here to take the quiz!

General Stats

  • This quiz has been taken 8 times
  • The average score is 8 of 9

Answer Stats

Answer% Correct
Florida International
100%
Louisiana Tech
100%
Middle Tennessee
100%
Western Kentucky
100%
Jacksonville State
75%
Liberty
75%
Sam Houston
75%
UTEP
75%
New Mexico State
50%

Score Distribution

Percentile by Number Answered

Percent of People with Each Score

Your Score History

You have not taken this quiz